000 02401cam a2200337 4500500
005 20260322002139.0
041 _afre
042 _adc
100 1 0 _aDavid, Michel
_eauthor
700 1 0 _aMontet, Isabelle
_eauthor
245 0 0 _aPsychiatric consent in emergency situations
260 _c2022.
500 _a1
520 _aConsidering consent to care in the context of psychiatric emergencies could enable us to compare the exigencies of the restricted time of emergency care with a more evolutive process. However, it may be harmful to limit oneself to a purely formal or superficial consent from a poorly informed patient, as may be the case in forced care, without taking the time to support the family. Emergency units remain a place where the information provided should allow a better adherence to care, strengthened by informed consent and accompanied by medical staff, despite the reality of forced care in psychiatric emergency units, which can only be decided upon with strong arguments. We face these issues daily at the Psychiatric Orientation and Reception Center (Centre Psychiatrique d’Orientation et d’Accueil, CPOA) of Sainte-Anne Hospital, where we have tried to set up a space that can help the patient reflect on our suggestions and care offers. Our aim is to inform but also to support those who ask for help in understanding this information, so that at the end of their care they can be sure that all the means have been deployed to acquire either consent or refusal. This approach urges physicians and their teams to have a clear position and real commitment, foregoing a false neutrality that may signal more an abdication of responsibility than true objectivity.
690 _aadherence to care
690 _acare in case of imminent danger
690 _aconsent to care
690 _aforced care
690 _apatient information
690 _apsychiatric emergency
690 _aregulation
690 _aadherence to care
690 _acare in case of imminent danger
690 _aconsent to care
690 _aforced care
690 _apatient information
690 _apsychiatric emergency
690 _aregulation
786 0 _nL'information psychiatrique | Volume 98 | 1 | 2022-02-09 | p. 13-18 | 0020-0204
856 4 1 _uhttps://stm.cairn.info/journal-l-information-psychiatrique-2022-1-page-13?lang=en&redirect-ssocas=7080
999 _c1720896
_d1720896